John Wesley's letter to a Roman Catholic; (Record no. 117814)
[ view plain ]
| 000 -LEADER | |
|---|---|
| fixed length control field | 01060cam a22003131 4500 |
| 001 - CONTROL NUMBER | |
| control field | 290548 |
| 003 - CONTROL NUMBER IDENTIFIER | |
| control field | ARRUPE |
| 005 - DATE AND TIME OF LATEST TRANSACTION | |
| control field | 20130917132622.0 |
| 008 - FIXED-LENGTH DATA ELEMENTS--GENERAL INFORMATION | |
| fixed length control field | 710622r19681749enk b 000 0 eng |
| 010 ## - LIBRARY OF CONGRESS CONTROL NUMBER | |
| LC control number | 68139968 |
| 015 ## - NATIONAL BIBLIOGRAPHY NUMBER | |
| National bibliography number | B68-18054 |
| 040 ## - CATALOGING SOURCE | |
| Original cataloging agency | DLC |
| Transcribing agency | DLC |
| Modifying agency | DLC |
| 050 00 - LIBRARY OF CONGRESS CALL NUMBER | |
| Classification number | BX8217.W6 |
| Item number | L36 1968 |
| 082 00 - DEWEY DECIMAL CLASSIFICATION NUMBER | |
| Classification number | 287 |
| 300 ## - PHYSICAL DESCRIPTION | |
| Dimensions | 22 cm. |
| 100 1# - MAIN ENTRY--PERSONAL NAME | |
| Personal name | Wesley, John, |
| Dates associated with a name | 1703-1791. |
| 9 (RLIN) | 272 |
| 240 10 - UNIFORM TITLE | |
| Uniform title | <a href="Letter to a Roman Catholic">Letter to a Roman Catholic</a> |
| 245 10 - TITLE STATEMENT | |
| Title | John Wesley's letter to a Roman Catholic; |
| Statement of responsibility, etc | edited by Michael Hurley. |
| 260 ## - PUBLICATION, DISTRIBUTION, ETC. (IMPRINT) | |
| Place of publication, distribution, etc | London, |
| -- | Dublin [etc.] |
| Name of publisher, distributor, etc | G. Chapman; |
| Place of publication, distribution, etc | Belfast, |
| Name of publisher, distributor, etc | Epworth House, |
| Date of publication, distribution, etc | 1968. |
| 300 ## - PHYSICAL DESCRIPTION | |
| Extent | 64 p. |
| 350 ## - PRICE (NR) (BK AM CF MU VM SE) [OBSOLETE] | |
| Price | 7/6 |
| 500 ## - GENERAL NOTE | |
| General note | Originally published in 1749 as Letter to a Roman Catholic. |
| 504 ## - BIBLIOGRAPHY, ETC. NOTE | |
| Bibliography, etc | Bibliography: p. 58-59. |
| 610 20 - SUBJECT ADDED ENTRY--CORPORATE NAME | |
| Corporate name or jurisdiction name as entry element | Catholic Church |
| General subdivision | Relations |
| -- | Methodist Church. |
| 9 (RLIN) | 273 |
| 650 #0 - SUBJECT ADDED ENTRY--TOPICAL TERM | |
| Topical term or geographic name as entry element | Methodist Church |
| General subdivision | Relations |
| -- | Catholic Church. |
| 9 (RLIN) | 274 |
| 700 1# - ADDED ENTRY--PERSONAL NAME | |
| Personal name | Hurley, Michael, |
| Dates associated with a name | 1923- |
| Relator term | ed. |
| 9 (RLIN) | 275 |
| 740 0# - ADDED ENTRY--UNCONTROLLED RELATED/ANALYTICAL TITLE | |
| Uncontrolled related/analytical title | Letter to a Roman Catholic. |
| 906 ## - LOCAL DATA ELEMENT F, LDF (RLIN) | |
| a | 7 |
| b | cbc |
| c | orignew |
| d | u |
| e | ncip |
| f | 19 |
| g | y-gencatlg |
| 942 ## - ADDED ENTRY ELEMENTS (KOHA) | |
| Source of classification or shelving scheme | Library of Congress Classification |
| Koha item type | Monograph ( Printed materials) |
| Withdrawn status | Lost status | Source of classification or shelving scheme | Damaged status | Not for loan | Home library | Current library | Date acquired | Total Checkouts | Full call number | Barcode | Date last seen | Price effective from | Koha item type |
|---|---|---|---|---|---|---|---|---|---|---|---|---|---|
| Library of Congress Classification | ARRUPE LIBRARY | ARRUPE LIBRARY | 17/09/2013 | BX8217.W6 L36 1968 | 46407480 | 22/11/2017 | 17/09/2013 | Monograph ( Printed materials) |